000 00796ngm a22003370a 4500
001 PT41425
003 AR-LpoUNG
005 20210201235914.0
007 vd cvaizq
008 191001s1948||||ag |||||||||||||||||eng d
037 _c$11.25
040 _aAR-LpoUNG
_bspa
_cAR-LpoUNG
_eaacr
041 _aeng
044 _aag
082 0 _a822.33 48ham
100 1 _aOliver, Laurence
_edir.
245 1 0 _aHamlet
260 _aBuenos Aires :
_bBlackman,
_c[1948].
300 _aDVD (155 min.) : son., col.
650 4 _aINGLATERRA
650 4 _aLITERATURA
651 4 _aInglaterra
653 _aCINE INGLES
653 _aDVD
653 _aLITERATURA INGLESA
653 _aSHAKESPEARE, WILLIAM
653 _aTEATRO INGLES
653 _aVIDEOS
905 _a41425
942 _cDVD
999 _c53748
_d53748